000 01025nam a2200241 i 4500
001 155381
003 ES-MaACL
005 20250815110840.0
008 950427s1802 sp |||| | spa d
040 _aEUS
_bspa
_cEUS
100 1 _aHerrgen, Christiano.
_963365
245 1 0 _aDescripción de las rocas que componen la parte sólida del globo terrestre
_b: extractada de varias obras alemanas de la escuela de Werner y aumentada con observaciones hechas en la península /
_cpor Christiano Herrgen.
260 _aMadrid :
_bImprenta Real,
_c1802.
300 _aXVI, 224 p. :
_bil. ;
_c21 cm.
597 _aSign.: [ ]8, A-O8.
597 _aNotas a pie de página.
599 _aLa ilustración es una tabla xilográfica en p.5 sobre la composición de las rocas.
650 0 7 _aGeología
_2embne
_913086
650 4 _aLitosfera.
_9166998
650 0 0 _aMineralogía.
_915053
852 _aES-MaACL
_jG-9624
_z-- Enc. pasta española
_x-- Edic.: Tit.: "Descripcion geognostica ..."
999 _c155381
_d155381